| 000 | 00845pam a2200217 a 4500 | ||
|---|---|---|---|
| 020 | _a0933595549 | ||
| 040 | _cDLC | ||
| 082 | 0 | 0 | _a634 WIN 1991 C152 Or. |
| 100 | 1 | _aMacDicken, Kenneth G. | |
| 245 | 1 | 0 | _aStandard research methods for multipurpose trees and shrubs / |
| 260 |
_aArlington, VA, USA : _bWinrock International, _cc1991. |
||
| 300 |
_a92 p. : _bill. ; _c27 cm. |
||
| 500 | _aA research study co-sponsored by the International Council for Research in Agroforestry (ICRAF) and the Winrock International Institute for Agricultural Development. | ||
| 650 | 0 | _aMultipurpose trees | |
| 650 | 0 | _aMultipurpose shrubs | |
| 700 | 1 | _aWolf, G. V. | |
| 700 | 1 | _aBriscoe, C. B. | |
| 710 | 2 | _aInternational Council for Research in Agroforestry. | |
| 710 | 2 | _aWinrock International Institute for Agricultural Development. | |
| 942 | _cAEDBB | ||
| 999 |
_c18773 _d18773 |
||